000 00501nam a2200181Ia 4500
005 20250508151419.0
008 008 250505s9999 xx 000 0 eng d
037 _aTextual
040 _aFEDL
_beng
_cFEDL
041 _aeng
_2eng
084 _a973, WIS
_qFEDL
100 _aWishengrad Morton...(et.al).
_9759075
245 0 _aJeffersonian heritage
260 _aBoston, USA
_bThe Beacon press India
_c1953
300 _a165p
942 _cTEXL
_h973, WIS
999 _c1329631
_d1329631